000 00237nam a22001217a 4500
041 _aENG
100 _aA.Gureuich
245 _aTractors
260 _aDelhi
_bMIR Pub
_c1967
300 _a516
650 _aFMP (23)
856 _uFMP (23)
999 _c2737
_d2737